| 000 | 01409nam a22002417a 4500 | ||
|---|---|---|---|
| 003 | OSt | ||
| 005 | 20260512095441.0 | ||
| 008 | 260512b |||||||| |||| 00| 0 eng d | ||
| 020 | _a9781787462434 | ||
| 040 | _aKenya National Library Service | ||
| 082 | _a813.54 PAT | ||
| 100 |
_aPatterson, James _eAuthor |
||
| 245 |
_aMiracle at St. Andrews / _cJames Patterson, Peter de Jong |
||
| 300 |
_a224, 21 pages ; _c20 cm. |
||
| 490 | _aMiracle Series (3). | ||
| 520 | _aIn this inspiring novel, one ordinary man makes the pilgrimage to the mythical greens of St. Andrews—the birthplace of golf—on a search for greatness. If golf novels had a leaderboard, Miracle at St. Andrews would be at the top. Though nobody has ever identified a single secret—no universally accepted truth—to the sport, every real player searches for one. Travis McKinley is one such seeker. A former professional golfer who feels like he's an amateur at the rest of life, he makes a pilgrimage to the mythical greens at St. Andrews. On the course where golf was born, every link, hole, fairway—even the gorse—feels like sacred ground. Ground that can help an ordinary player, an ordinary man, achieve a higher plane. | ||
| 650 |
_aFamily _vFiction. |
||
| 650 |
_aSports _vFiction. |
||
| 700 |
_aJong, Peter de _eAuthor |
||
| 942 |
_2ddc _cBK _n0 |
||
| 999 |
_c492699 _d492699 |
||